[Event "9MCR_4D_1L_1S"]
[Site "?"]
[Date "2010.??.??"]
[Round "?"]
[White "Binas, Jindrich"]
[Black "Brichacek, Milan"]
[Result "1-0"]
[WhiteElo "2237"]
[BlackElo "2085"]
[Annotator "030"]
[PlyCount "109"]
[EventDate "2010.??.??"]
[EventType "corr"]
[SourceDate "2002.06.29"]

1. e4 c5 2. Nf3 e6 3. d4 cxd4 4. Nxd4 Nc6 5. Nc3 Qc7 6. Be3 a6 7. Qd2 Nf6 8.
O-O-O Be7 9. f3 b5 10. Nxc6 dxc6 11. Qf2 O-O 12. Bb6 Qb7 13. h4 h5 14. Be2 e5
15. Be3 Be6 16. g4 b4 17. Na4 c5 18. Bxc5 hxg4 19. h5 Nh7 20. h6 gxh6 21. Be3
Rac8 22. Nb6 Rc6 23. Rxh6 b3 24. axb3 Bxb3 25. Rxc6 Qxc6 26. Bd3 Bg5 27. Bxg5
Nxg5 28. Qh4 Qxb6 29. Qxg5+ Qg6 30. Qxg6+ fxg6 31. cxb3 gxf3 32. Kd2 Rf4 33.
Ke3 g5 34. Bxa6 g4 35. Rf1 Rf6 36. Bc8 Rb6 37. Kf2 Kf7 38. Bxg4 Rxb3 39. Rb1
Kf6 40. Bxf3 Kg5 41. Kg3 Kf6 42. Kg4 Ke6 43. Bd1 Rb4 44. Bc2 Kf6 45. b3 Rb8 46.
b4 Rg8+ 47. Kf3 Rc8 48. Bb3 Rb8 49. Bd5 Rb5 50. Bc6 Rb8 51. b5 Rb6 52. Rh1 Rb8
53. Rh6+ Kf7 54. Ke3 Ke7 55. Kd3 1-0

[Event "9MCR_4D_1L_1S"]
[Site "?"]
[Date "2010.??.??"]
[Round "?"]
[White "Binas, Jindrich"]
[Black "Bultman, Milan"]
[Result "0-1"]
[WhiteElo "2237"]
[BlackElo "2196"]
[Annotator "040"]
[PlyCount "60"]
[EventDate "2010.??.??"]
[EventType "corr"]
[SourceDate "2002.06.29"]

1. e4 c5 2. Nf3 d6 3. d4 cxd4 4. Nxd4 Nf6 5. Nc3 e6 6. g4 h6 7. h4 Nc6 8. Rg1
d5 9. exd5 Nxd5 10. Nxd5 exd5 11. Bb5 Bd7 12. Be3 Be7 13. g5 hxg5 14. hxg5 Rh4
15. Nb3 d4 16. Bxc6 bxc6 17. Nxd4 Qb8 18. Rb1 Qb6 19. a3 Bc5 20. c3 Bxd4 21.
Bxd4 c5 22. Be3 Qg6 23. Rc1 Bc6 24. b4 f5 25. b5 Bb7 26. f3 Rd8 27. Qe2 Kf7 28.
Rd1 Re8 29. Rd7+ Kg8 30. Rxb7 f4 0-1

[Event "9MCR_4D_1L_1S"]
[Site "?"]
[Date "2010.??.??"]
[Round "?"]
[White "Binas, Jindrich"]
[Black "Lounek, Jan"]
[Result "0-1"]
[WhiteElo "2237"]
[BlackElo "2406"]
[Annotator "004"]
[PlyCount "36"]
[EventDate "2010.??.??"]
[EventType "corr"]
[SourceDate "2002.06.29"]

1. e4 e5 2. Nf3 Nc6 3. Bb5 a6 4. Ba4 Nf6 5. O-O Be7 6. Re1 b5 7. Bb3 O-O 8. c3
d6 9. h3 Bb7 10. d4 Re8 11. Nbd2 Bf8 12. Ng5 Re7 13. d5 Na5 14. Bc2 c6 15. b4
Nc4 16. Nxc4 bxc4 17. Qe2 cxd5 18. exd5 Rc7 0-1

[Event "9MCR_4D_1L_1S"]
[Site "?"]
[Date "2010.??.??"]
[Round "?"]
[White "Binas, Jindrich"]
[Black "Mateka, Petr"]
[Result "1/2-1/2"]
[WhiteElo "2237"]
[BlackElo "2342"]
[Annotator "020"]
[PlyCount "67"]
[EventDate "2010.??.??"]
[EventType "corr"]
[SourceDate "2002.06.29"]

1. e4 e5 2. Nf3 Nc6 3. Bb5 a6 4. Ba4 Nf6 5. O-O Be7 6. Re1 b5 7. Bb3 O-O 8. a3
d6 9. d3 Bg4 10. Be3 d5 11. h3 Bh5 12. Nbd2 h6 13. c3 Bg6 14. Rc1 dxe4 15. dxe4
Nxe4 16. c4 Na5 17. Nxe4 Bxe4 18. Nxe5 Qd6 19. Bf4 Bg5 20. Bxg5 Qxe5 21. Bd2
Rad8 22. Bc2 Qxb2 23. Rxe4 Rxd2 24. Qxd2 Nb3 25. Qd1 Nxc1 26. Re1 Na2 27. Qd3
g6 28. cxb5 axb5 29. Bb3 Kg7 30. Qxb5 c6 31. Qc4 Nc3 32. Re8 Nd5 33. Rxf8 Kxf8
34. a4 1/2-1/2

[Event "9MCR_4D_1L_1S"]
[Site "?"]
[Date "2010.??.??"]
[Round "?"]
[White "Binas, Jindrich"]
[Black "Nyvlt, Zdenek"]
[Result "1/2-1/2"]
[WhiteElo "2237"]
[BlackElo "2302"]
[Annotator "015"]
[PlyCount "59"]
[EventDate "2010.??.??"]
[EventType "corr"]
[SourceDate "2002.06.29"]

1. e4 d6 2. d4 Nf6 3. Nc3 g6 4. Nf3 Bg7 5. Be2 O-O 6. h3 e6 7. Bg5 Nc6 8. Qd2
a6 9. O-O b5 10. Bd3 Qd7 11. Rfe1 Bb7 12. a4 b4 13. Ne2 Nh5 14. Bh6 Rab8 15. b3
Ne7 16. Bxg7 Kxg7 17. Ng3 Nxg3 18. fxg3 c5 19. dxc5 dxc5 20. Qe3 Qc7 21. g4
Rbd8 22. Rad1 h6 23. g5 h5 24. Rd2 Rd7 25. Rf2 Rfd8 26. Ref1 Kg8 27. Kh1 a5 28.
Kg1 Nc8 29. Nd2 Re7 30. Bb5 1/2-1/2

[Event "9MCR_4D_1L_1S"]
[Site "?"]
[Date "2010.??.??"]
[Round "?"]
[White "Brichacek, Milan"]
[Black "Bultman, Milan"]
[Result "0-1"]
[WhiteElo "2085"]
[BlackElo "2196"]
[Annotator "054"]
[PlyCount "100"]
[EventDate "2010.??.??"]
[EventType "corr"]
[SourceDate "2002.06.29"]

1. g3 d5 2. Nf3 Nf6 3. Bg2 c6 4. O-O Bg4 5. b3 Nbd7 6. Bb2 e6 7. d3 Bd6 8. Nbd2
O-O 9. h3 Bh5 10. e4 e5 11. Qe1 Re8 12. Nh4 Nc5 13. Nf5 Bc7 14. f4 exf4 15.
gxf4 Bg6 16. Ng3 dxe4 17. Ndxe4 Nfxe4 18. dxe4 Qh4 19. Bxg7 Nxe4 20. Nxe4 Qxe1
21. Raxe1 Kxg7 22. f5 Bh5 23. Kh1 Rad8 24. b4 Kh6 25. a3 Rd4 26. Nf6 Rxe1 27.
Rxe1 Rd1 28. Rg1 Be2 29. Ne4 Bf4 30. c3 b6 31. Rxd1 Bxd1 32. Nf2 Ba4 33. Nd3
Kg5 34. Be4 f6 35. c4 Bc2 36. Kg2 Bc1 37. Kg3 Bxa3 38. h4+ Kh6 39. Kf4 a6 40.
Ke3 Bxd3 41. Kxd3 Bxb4 42. Bf3 Be1 43. c5 bxc5 44. Kc4 Bxh4 45. Kxc5 Kg5 46.
Kxc6 Kxf5 47. Kb6 Kf4 48. Bd1 f5 49. Kxa6 h6 50. Bc2 Kg4 0-1

[Event "9MCR_4D_1L_1S"]
[Site "?"]
[Date "2010.??.??"]
[Round "?"]
[White "Brichacek, Milan"]
[Black "Canibal, Jaromir"]
[Result "0-1"]
[WhiteElo "2085"]
[BlackElo "2243"]
[Annotator "058"]
[PlyCount "94"]
[EventDate "2010.??.??"]
[EventType "corr"]
[SourceDate "2002.06.29"]

1. g3 c5 2. c4 g6 3. Bg2 Bg7 4. Nc3 Nc6 5. Nf3 d6 6. d3 Nf6 7. Qb3 O-O 8. Be3
Rb8 9. O-O a6 10. Rab1 b5 11. cxb5 axb5 12. Ng5 Bd7 13. Rfc1 b4 14. Nd5 Ng4 15.
Nf3 Be6 16. Nd2 Nxe3 17. fxe3 Bd7 18. Nf4 e6 19. Ne4 Qe7 20. Nf2 Rb6 21. Qa4
Rfb8 22. Qb3 Ra6 23. Ra1 Be8 24. N4h3 Qa7 25. Rab1 Ne7 26. g4 d5 27. Qd1 Rxa2
28. b3 c4 29. dxc4 Qxe3 30. Rc2 Rba8 31. Bf3 Ra1 32. Rcc1 Rxb1 33. Rxb1 Ra2 34.
Qd3 Qc5 35. Rd1 dxc4 36. Qd8 Kf8 37. bxc4 h6 38. Rd7 Ra7 39. Rxa7 Qxa7 40. Qd3
Qa3 41. e3 Qxd3 42. Nxd3 b3 43. Bd1 b2 44. Bc2 Nc6 45. c5 Ke7 46. Nhf4 Na5 47.
Kf2 Ba4 0-1

[Event "9MCR_4D_1L_1S"]
[Site "?"]
[Date "2010.??.??"]
[Round "?"]
[White "Brichacek, Milan"]
[Black "Kuta, Jiri"]
[Result "0-1"]
[WhiteElo "2085"]
[BlackElo "2375"]
[Annotator "026"]
[PlyCount "76"]
[EventDate "2010.??.??"]
[EventType "corr"]
[SourceDate "2002.06.29"]

1. g3 d5 2. Nf3 c6 3. Bg2 Nf6 4. O-O Bg4 5. b3 Nbd7 6. Bb2 e6 7. d3 Bd6 8. Nbd2
O-O 9. h3 Bh5 10. e4 e5 11. Qe1 Re8 12. Nh4 Qc7 13. g4 Bg6 14. Nxg6 hxg6 15.
Nf3 Nf8 16. c4 d4 17. Ng5 N6d7 18. Bc1 a5 19. Qd1 a4 20. Bd2 axb3 21. axb3 Qb6
22. Rb1 Bb4 23. f4 f6 24. Nf3 Bxd2 25. Qxd2 exf4 26. Qxf4 Ne6 27. Qd2 g5 28. b4
Ra3 29. Rfe1 Nf4 30. Bf1 Qc7 31. Ra1 Rea8 32. Rxa3 Rxa3 33. Rd1 Ne5 34. Nxe5
Qxe5 35. c5 Kh7 36. Qb2 Rc3 37. Kh1 Ng6 38. Kg1 Qg3+ 0-1

[Event "9MCR_4D_1L_1S"]
[Site "?"]
[Date "2010.??.??"]
[Round "?"]
[White "Brichacek, Milan"]
[Black "Pirhala, Ladislav"]
[Result "0-1"]
[WhiteElo "2085"]
[BlackElo "2239"]
[Annotator "024"]
[PlyCount "130"]
[EventDate "2010.??.??"]
[EventType "corr"]
[SourceDate "2002.06.29"]

1. g3 d5 2. Nf3 Nf6 3. Bg2 c6 4. O-O Bf5 5. d3 e6 6. Nbd2 Be7 7. c4 O-O 8. h3
h6 9. b3 Nbd7 10. Bb2 Bh7 11. Re1 a5 12. e4 Nc5 13. Ne5 dxe4 14. dxe4 Qc7 15.
Qc2 Rfd8 16. Rad1 Rd6 17. Kh2 Rad8 18. Bc3 Nfxe4 19. Bxe4 Nxe4 20. Nxe4 Rxd1
21. Rxd1 Rxd1 22. Qxd1 Bxe4 23. Qe1 Bf5 24. Bxa5 Qd6 25. Bb6 f6 26. Nf3 e5 27.
Nh4 Bh7 28. Qe2 Qd3 29. Qxd3 Bxd3 30. Nf3 Bb1 31. a4 Bc2 32. Nd2 Bb4 33. Be3
Kf7 34. f4 Ke6 35. fxe5 fxe5 36. Kg2 e4 37. Kf1 b6 38. Ke2 c5 39. g4 g5 40. Bg1
Bc3 41. Bf2 Bd4 42. Bg3 Bd3+ 43. Ke1 Be5 44. Bf2 Bf4 45. Nf1 Bc2 46. a5 bxa5
47. Bxc5 Bxb3 48. Nd2 Bc2 49. Nf1 Bd3 50. Ne3 a4 51. Kd2 Bxc4 52. Kc3 Bxe3 53.
Bxe3 Bf1 54. Kd4 a3 55. Kxe4 Bxh3 56. Kf3 Kd5 57. Bc1 a2 58. Bb2 Kc4 59. Kg3
Kb3 60. Be5 Bf1 61. Kf3 Bc4 62. Ke4 Be6 63. Kf3 Kc2 64. Kf2 Kb1 65. Kf3 a1=Q
0-1

[Event "9MCR_4D_1L_1S"]
[Site "?"]
[Date "2010.??.??"]
[Round "?"]
[White "Brichacek, Milan"]
[Black "Sojka, Vaclav"]
[Result "0-1"]
[WhiteElo "2085"]
[BlackElo "2214"]
[Annotator "053"]
[PlyCount "94"]
[EventDate "2010.??.??"]
[EventType "corr"]
[SourceDate "2002.06.29"]

1. g3 e5 2. c4 Nf6 3. Bg2 d5 4. cxd5 Nxd5 5. Nf3 Nc6 6. O-O Nb6 7. d3 Be7 8.
Nbd2 O-O 9. Ne4 f5 10. Neg5 Qe8 11. a4 a5 12. Qb3+ Kh8 13. Be3 h6 14. Nh3 g5
15. Rfc1 Bd6 16. d4 e4 17. Nfxg5 hxg5 18. Nxg5 Rf6 19. f3 Be6 20. Nxe6 Qxe6 21.
Qxe6 Rxe6 22. fxe4 fxe4 23. Rf1 Nd5 24. Bf2 Kg7 25. Rad1 Ra6 26. Be1 Re7 27.
Bc3 Ncb4 28. Rb1 Ne3 29. Rfe1 Nbc2 30. Rec1 Bb4 31. d5+ Kg6 32. Bh3 Rb6 33. Bc8
Nxd5 34. Bxb4 Ndxb4 35. b3 Rd6 36. Rf1 Ne3 37. Rf8 Kg7 38. Rf2 Rb6 39. g4 Nbd5
40. h4 Nc3 41. Rc1 Rxb3 42. g5 c5 43. Kh2 c4 44. h5 Ncd5 45. Rg1 Rb6 46. h6+
Kg6 47. Bh3 c3 0-1

[Event "9MCR_4D_1L_1S"]
[Site "?"]
[Date "2010.??.??"]
[Round "?"]
[White "Brichacek, Milan"]
[Black "Valak, Alois"]
[Result "0-1"]
[WhiteElo "2085"]
[BlackElo "2335"]
[Annotator "070"]
[PlyCount "102"]
[EventDate "2010.??.??"]
[EventType "corr"]
[SourceDate "2002.06.29"]

1. g3 e5 2. c4 Nf6 3. Bg2 Bc5 4. Nc3 Nc6 5. d3 h6 6. Be3 Bxe3 7. fxe3 Ne7 8. d4
exd4 9. exd4 d5 10. cxd5 Nexd5 11. Nxd5 Nxd5 12. Qd2 O-O 13. e4 Re8 14. O-O-O
Nb6 15. Nf3 Qd6 16. Rhe1 c6 17. Kb1 Be6 18. Qa5 Bg4 19. Qc3 Rad8 20. Rd3 Na4
21. Qc2 Nc5 22. Rde3 Na6 23. Qb3 Bxf3 24. Rxf3 Qxd4 25. Qxf7+ Kh8 26. a3 Qd2
27. Rg1 Nc5 28. Rf2 Qe3 29. Rgf1 Nb3 30. Ka2 Nd2 31. Rd1 Rg8 32. Rc1 b5 33. Bh3
b4 34. Qf4 Qb3+ 35. Ka1 Qd3 36. Qxd2 Qxd2 37. Rxd2 Rxd2 38. axb4 Rb8 39. Rxc6
Rxb4 40. Rc8+ Kh7 41. Bf5+ g6 42. Rc7+ Kh8 43. Rc8+ Kg7 44. Rc7+ Kf6 45. Rc6+
Ke5 46. Re6+ Kd4 47. Rd6+ Ke3 48. Rxd2 Kxd2 49. Bxg6 Kc1 50. b3 Rxb3 51. Ka2
Rb2+ 0-1

[Event "9MCR_4D_1L_1S"]
[Site "?"]
[Date "2010.??.??"]
[Round "?"]
[White "Bultman, Milan"]
[Black "Canibal, Jaromir"]
[Result "1/2-1/2"]
[WhiteElo "2196"]
[BlackElo "2243"]
[Annotator "035"]
[PlyCount "48"]
[EventDate "2010.??.??"]
[EventType "corr"]
[SourceDate "2002.06.29"]

1. d4 d5 2. Nf3 Nf6 3. c4 dxc4 4. e3 e6 5. Bxc4 c5 6. O-O Be7 7. Nc3 O-O 8. e4
cxd4 9. Nxd4 Qc7 10. Qe2 Nc6 11. Nxc6 bxc6 12. Rd1 Bb7 13. g3 Rad8 14. Bf4 e5
15. Be3 Bc8 16. f3 Nd7 17. Rac1 Bc5 18. Bb3 Ba6 19. Qf2 Qb6 20. Bxc5 Nxc5 21.
Na4 Nxa4 22. Bxa4 Rxd1+ 23. Rxd1 c5 24. Bb3 Rc8 1/2-1/2

[Event "9MCR_4D_1L_1S"]
[Site "?"]
[Date "2010.??.??"]
[Round "?"]
[White "Bultman, Milan"]
[Black "Kuta, Jiri"]
[Result "1-0"]
[WhiteElo "2196"]
[BlackElo "2375"]
[Annotator "047"]
[PlyCount "85"]
[EventDate "2010.??.??"]
[EventType "corr"]
[SourceDate "2002.06.29"]

1. d4 Nf6 2. c4 g6 3. Nc3 Bg7 4. e4 d6 5. Be2 O-O 6. Nf3 e5 7. dxe5 dxe5 8.
Qxd8 Rxd8 9. Bg5 Nbd7 10. O-O-O Rf8 11. Nd5 Nxd5 12. cxd5 h6 13. Bh4 a6 14. Nd2
f5 15. exf5 gxf5 16. Rhe1 b5 17. Nb3 Nf6 18. Na5 e4 19. f3 Kh7 20. Rf1 e3 21.
f4 Bd7 22. Rfe1 Ng4 23. Kb1 Nxh2 24. Rc1 Rac8 25. Nc6 Bf6 26. Bxf6 Rxf6 27. Ne5
Be8 28. Bd3 Bg6 29. Rc5 Kg7 30. Rxe3 Ng4 31. Re2 Rd6 32. Nxg6 Kxg6 33. Re6+
Rxe6 34. dxe6 Kf6 35. Bxf5 Rg8 36. Bxg4 Rxg4 37. Re5 Rg7 38. g4 c5 39. a4 Ke7
40. axb5 axb5 41. f5 Kf6 42. Re1 Ke7 43. Kc2 1-0

[Event "9MCR_4D_1L_1S"]
[Site "?"]
[Date "2010.??.??"]
[Round "?"]
[White "Bultman, Milan"]
[Black "Masek, Jan"]
[Result "0-1"]
[WhiteElo "2196"]
[BlackElo "2362"]
[Annotator "074"]
[PlyCount "89"]
[EventDate "2010.??.??"]
[EventType "corr"]
[SourceDate "2002.06.29"]

1. d4 Nf6 2. c4 c5 3. d5 b5 4. Nf3 Bb7 5. a4 Qa5+ 6. Bd2 b4 7. Qc2 d6 8. e4 e5
9. Be2 Be7 10. O-O Nbd7 11. Nh4 g6 12. g3 O-O-O 13. Bh6 Kb8 14. Nd2 Bf8 15. Nb3
Qc7 16. Be3 a5 17. Kg2 h6 18. Rh1 Re8 19. h3 Be7 20. Nf3 Reg8 21. Rh2 Nf8 22.
Bd2 g5 23. Kh1 Bc8 24. Ne1 Bd7 25. Ng2 Bd8 26. Ne3 Qc8 27. Bf1 Ng6 28. Nc1 Ne7
29. Ne2 h5 30. Kg1 Ne8 31. Qb3 Ka7 32. f3 g4 33. fxg4 hxg4 34. h4 f5 35. exf5
Nxf5 36. Re1 Nd4 37. Nxd4 cxd4 38. c5 Qxc5 39. Rc1 Qb6 40. Rf2 Qb7 41. Nc4 e4
42. Bf4 Qxd5 43. Qd1 Rh5 44. Bg2 Rg7 45. Re2 0-1

[Event "9MCR_4D_1L_1S"]
[Site "?"]
[Date "2010.??.??"]
[Round "?"]
[White "Bultman, Milan"]
[Black "Pirhala, Ladislav"]
[Result "1/2-1/2"]
[WhiteElo "2196"]
[BlackElo "2239"]
[Annotator "042"]
[PlyCount "95"]
[EventDate "2010.??.??"]
[EventType "corr"]
[SourceDate "2002.06.29"]

1. d4 Nf6 2. c4 e6 3. Nc3 Bb4 4. Nf3 d5 5. e3 O-O 6. Bd3 c5 7. O-O Nc6 8. a3
Bxc3 9. bxc3 Qc7 10. cxd5 exd5 11. a4 Rd8 12. h3 b6 13. Re1 Bb7 14. Ba3 Na5 15.
Ne5 Nc4 16. Bxc4 dxc4 17. Rc1 cxd4 18. cxd4 c3 19. Bb2 Qxe5 20. dxe5 Rxd1 21.
Rcxd1 cxb2 22. exf6 Be4 23. Rb1 Bxb1 24. Rxb1 gxf6 25. Rxb2 Re8 26. Rb4 Re5 27.
Kf1 Kf8 28. Rc4 Ke8 29. Ke2 Kd7 30. Rh4 Ke6 31. Rxh7 Re4 32. a5 bxa5 33. g4 Re5
34. Rh8 Rb5 35. h4 a4 36. Re8+ Kd5 37. h5 a3 38. h6 a2 39. Rd8+ Kc4 40. h7 a1=Q
41. h8=Q Rd5 42. Rxd5 Kxd5 43. Qd8+ Kc6 44. Qc8+ Kd6 45. Qf8+ Ke6 46. Qe8+ Kd6
47. Qxf7 a5 48. Qb3 1/2-1/2

[Event "9MCR_4D_1L_1S"]
[Site "?"]
[Date "2010.??.??"]
[Round "?"]
[White "Bultman, Milan"]
[Black "Sojka, Vaclav"]
[Result "1-0"]
[WhiteElo "2196"]
[BlackElo "2214"]
[Annotator "069"]
[PlyCount "93"]
[EventDate "2010.??.??"]
[EventType "corr"]
[SourceDate "2002.06.29"]

1. d4 Nf6 2. c4 e6 3. Nc3 Bb4 4. e3 O-O 5. Nf3 c5 6. Bd3 d5 7. O-O dxc4 8. Bxc4
Nbd7 9. a3 cxd4 10. axb4 dxc3 11. bxc3 Qc7 12. Be2 Nd5 13. c4 Nc3 14. Qc2 Nxe2+
15. Qxe2 b6 16. Bb2 Bb7 17. Rfd1 Rfd8 18. Nd4 a6 19. Rac1 Rac8 20. f3 Ne5 21.
c5 bxc5 22. bxc5 Nc6 23. Nb3 e5 24. Bc3 Qe7 25. Qc4 Qg5 26. e4 Qe3+ 27. Kh1 h6
28. h3 Rxd1+ 29. Rxd1 Rc7 30. Bd2 Qf2 31. Qd3 Kh7 32. Kh2 Qh4 33. Qd6 Rc8 34.
Qd7 Qe7 35. Bc3 Rc7 36. Qd6 Bc8 37. Ba5 Nxa5 38. Nxa5 f6 39. Kg3 Kg6 40. Rd5
Kh7 41. Kf2 Qd7 42. Ke3 Kg8 43. h4 h5 44. Rd3 Qf7 45. c6 Kh7 46. Rb3 Ra7 47.
Qd8 1-0

[Event "9MCR_4D_1L_1S"]
[Site "?"]
[Date "2010.??.??"]
[Round "?"]
[White "Bultman, Milan"]
[Black "Valak, Alois"]
[Result "1-0"]
[WhiteElo "2196"]
[BlackElo "2335"]
[Annotator "073"]
[PlyCount "95"]
[EventDate "2010.??.??"]
[EventType "corr"]
[SourceDate "2002.06.29"]

1. d4 Nf6 2. c4 e6 3. Nc3 Bb4 4. Nf3 c5 5. e3 Bxc3+ 6. bxc3 Nc6 7. Bd3 d6 8.
O-O O-O 9. e4 e5 10. d5 Ne7 11. Nh4 Ng6 12. Nf5 h6 13. Qf3 Bxf5 14. Qxf5 Rb8
15. g3 Nh7 16. a4 Qa5 17. Bd2 Rfd8 18. h4 Ngf8 19. Be2 Re8 20. Rfb1 a6 21. Qf3
Re7 22. Kg2 Ng6 23. Rh1 Qd8 24. Bd3 b6 25. Ra2 Reb7 26. Rb2 Qe7 27. Rbb1 Qd8
28. Be3 Qd7 29. Ra1 Qd8 30. Ra2 Rc7 31. Rb2 Rcb7 32. Be2 Nf6 33. Rbb1 Rc7 34.
Rb3 Rcb7 35. Ra3 Ne8 36. Raa1 Nf6 37. Rad1 Rd7 38. g4 Kf8 39. g5 hxg5 40. hxg5
Ng8 41. Qg3 N8e7 42. Rdf1 Qe8 43. Bh5 Rdb7 44. f4 Qxa4 45. Bxg6 Nxg6 46. f5
Qc2+ 47. Kf3 Nf4 48. Rf2 1-0

[Event "9MCR_4D_1L_1S"]
[Site "?"]
[Date "2010.??.??"]
[Round "?"]
[White "Canibal, Jaromir"]
[Black "Binas, Jindrich"]
[Result "1/2-1/2"]
[WhiteElo "2243"]
[BlackElo "2237"]
[Annotator "012"]
[PlyCount "39"]
[EventDate "2010.??.??"]
[EventType "corr"]
[SourceDate "2002.06.29"]

1. d4 Nf6 2. c4 e6 3. g3 c5 4. Nf3 cxd4 5. Nxd4 d5 6. Bg2 e5 7. Nb5 a6 8. N5c3
d4 9. Nd5 Nxd5 10. cxd5 Bc5 11. O-O O-O 12. Nd2 Bf5 13. Nb3 Bb6 14. e3 Re8 15.
Re1 Bg6 16. exd4 e4 17. Qd2 a5 18. Nc5 Qxd5 19. Qg5 Qc6 20. Be3 1/2-1/2

[Event "9MCR_4D_1L_1S"]
[Site "?"]
[Date "2010.??.??"]
[Round "?"]
[White "Canibal, Jaromir"]
[Black "Kuta, Jiri"]
[Result "1/2-1/2"]
[WhiteElo "2243"]
[BlackElo "2375"]
[Annotator "033"]
[PlyCount "64"]
[EventDate "2010.??.??"]
[EventType "corr"]
[SourceDate "2002.06.29"]

1. e4 c5 2. c3 Nf6 3. e5 Nd5 4. d4 cxd4 5. Nf3 Nc6 6. cxd4 d6 7. Bc4 Nb6 8. Bb5
dxe5 9. Nxe5 Bd7 10. Nxd7 Qxd7 11. Nc3 e6 12. O-O a6 13. Bxc6 Qxc6 14. Be3 Nd5
15. Rc1 Nxc3 16. Rxc3 Qd5 17. Qg4 h5 18. Qg3 h4 19. Qg4 g6 20. h3 Rh5 21. Rfc1
Bd6 22. Rc5 Bxc5 23. Rxc5 Qd6 24. Bf4 Qe7 25. Rxh5 gxh5 26. Qxh5 Qf6 27. Be5
Qd8 28. Qh8+ Kd7 29. Qg7 Qg8 30. Qf6 Rc8 31. d5 Qh7 32. d6 Qh5 1/2-1/2

[Event "9MCR_4D_1L_1S"]
[Site "?"]
[Date "2010.??.??"]
[Round "?"]
[White "Canibal, Jaromir"]
[Black "Masek, Jan"]
[Result "1/2-1/2"]
[WhiteElo "2243"]
[BlackElo "2362"]
[Annotator "076"]
[PlyCount "101"]
[EventDate "2010.??.??"]
[EventType "corr"]
[SourceDate "2002.06.29"]

1. e4 e5 2. Nf3 Nf6 3. d4 Nxe4 4. Bd3 d5 5. Nxe5 Nd7 6. Qe2 Nxe5 7. Bxe4 dxe4
8. Qxe4 Bf5 9. Qxe5+ Qe7 10. Qxe7+ Bxe7 11. c3 Bd3 12. Be3 O-O-O 13. Nd2 Rhe8
14. O-O-O Bd6 15. g3 h6 16. Rhe1 g5 17. h4 f6 18. Rh1 Rd7 19. hxg5 hxg5 20. Rh6
Rf7 21. Nb3 Bc4 22. Rg1 g4 23. Kc2 b6 24. Nc1 Kb7 25. Nd3 Bd5 26. b3 a5 27. Kd2
Be4 28. Re1 Bf3 29. Bf4 Rxe1 30. Kxe1 Bf8 31. Rh5 Rd7 32. Kd2 c5 33. Be3 Be4
34. Rh4 Bf5 35. f3 gxf3 36. Rf4 cxd4 37. cxd4 Rd5 38. g4 Bd7 39. Rxf6 Bb4+ 40.
Nxb4 axb4 41. g5 Ra5 42. Rxf3 Rxa2+ 43. Kd3 Be6 44. Bd2 Bxb3 45. Bxb4 Rg2 46.
Bd2 Bd5 47. Rf5 Ba2 48. Re5 Rg4 49. Re8 Kc6 50. Re5 Bd5 51. Be1 1/2-1/2

[Event "9MCR_4D_1L_1S"]
[Site "?"]
[Date "2010.??.??"]
[Round "?"]
[White "Canibal, Jaromir"]
[Black "Mateka, Petr"]
[Result "1/2-1/2"]
[WhiteElo "2243"]
[BlackElo "2342"]
[Annotator "044"]
[PlyCount "61"]
[EventDate "2010.??.??"]
[EventType "corr"]
[SourceDate "2002.06.29"]

1. d4 Nf6 2. c4 e6 3. g3 c5 4. Nf3 cxd4 5. Nxd4 d5 6. Bg2 e5 7. Nb5 a6 8. N5c3
d4 9. Nd5 Be7 10. O-O O-O 11. e3 Nc6 12. exd4 Nxd5 13. cxd5 Nxd4 14. Be3 Nf5
15. Nd2 Bd7 16. Rc1 Nxe3 17. fxe3 Bb5 18. Rf2 Qb6 19. a4 Bg5 20. axb5 Bxe3 21.
Qe2 Rfc8 22. Re1 Bxf2+ 23. Qxf2 Qxf2+ 24. Kxf2 Rc2 25. Ke3 axb5 26. Rb1 Ra4 27.
Bf1 Rd4 28. Bd3 Rxd2 29. Kxd2 e4 30. Ke3 Rxd3+ 31. Kxe4 1/2-1/2

[Event "9MCR_4D_1L_1S"]
[Site "?"]
[Date "2010.??.??"]
[Round "?"]
[White "Canibal, Jaromir"]
[Black "Sojka, Vaclav"]
[Result "1/2-1/2"]
[WhiteElo "2243"]
[BlackElo "2214"]
[Annotator "045"]
[PlyCount "71"]
[EventDate "2010.??.??"]
[EventType "corr"]
[SourceDate "2002.06.29"]

1. e4 c5 2. c3 d5 3. exd5 Qxd5 4. d4 Nf6 5. Nf3 Bg4 6. Be2 e6 7. h3 Bh5 8. O-O
Nc6 9. Be3 cxd4 10. cxd4 Be7 11. a3 O-O 12. Nc3 Qd6 13. Rc1 Rad8 14. b4 a5 15.
g4 Bg6 16. b5 Nb8 17. Ne5 Qxa3 18. g5 Nd5 19. Nxd5 exd5 20. Bg4 Be4 21. Qe2 Qd6
22. f3 Bg6 23. Rfe1 Rfe8 24. h4 f6 25. h5 fxe5 26. dxe5 Qxe5 27. f4 Qe4 28.
hxg6 Bb4 29. Bb6 Bxe1 30. Qxe4 dxe4 31. Bxd8 Bd2 32. Rc8 Bxf4 33. Be6+ Kh8 34.
Bxa5 Rxc8 35. Bxc8 Bxg5 36. Kf2 1/2-1/2

[Event "9MCR_4D_1L_1S"]
[Site "?"]
[Date "2010.??.??"]
[Round "?"]
[White "Canibal, Jaromir"]
[Black "Valak, Alois"]
[Result "0-1"]
[WhiteElo "2243"]
[BlackElo "2335"]
[Annotator "078 - odhad"]
[PlyCount "162"]
[EventDate "2010.??.??"]
[EventType "corr"]
[SourceDate "2002.06.29"]

1. Nf3 Nf6 2. c4 c5 3. Nc3 Nc6 4. Nd5 e6 5. Nxf6+ Qxf6 6. g3 h6 7. Bg2 Be7 8.
O-O O-O 9. d3 d5 10. Qb3 Rd8 11. Bd2 Rb8 12. Rfd1 d4 13. Nh4 e5 14. Be4 g5 15.
Nf3 Bf5 16. Bd5 Qd6 17. Qc2 b5 18. b3 bxc4 19. bxc4 g4 20. Ne1 Nb4 21. Bxb4
Rxb4 22. a3 Rb6 23. f3 h5 24. Ng2 Bg5 25. Rab1 Rdb8 26. Rf1 Be6 27. Rxb6 Rxb6
28. Bxe6 Qxe6 29. Qa4 Qe7 30. Qd1 f5 31. fxg4 fxg4 32. Rf5 Kg7 33. Qa4 Rb1+ 34.
Rf1 Rxf1+ 35. Kxf1 Bd2 36. Qd1 Be3 37. Nxe3 dxe3 38. Kg1 Qf7 39. Qe1 Kg6 40.
Kg2 Kg5 41. Kg1 e4 42. dxe4 Qxc4 43. Qf1 Qxe4 44. Qf7 Qd4 45. Qe7+ Kg6 46. Qe6+
Qf6 47. Qe8+ Kg7 48. Qxe3 Qd4 49. Qf2 Kg6 50. Kf1 Qf6 51. Ke1 Qa1+ 52. Kd2 Qxa3
53. Qf8 Qb4+ 54. Kd1 Qd4+ 55. Kc2 Qe5 56. Qg8+ Kh6 57. Qf8+ Kg5 58. Qg8+ Kf5
59. Qh7+ Ke6 60. Qg6+ Kd5 61. Qa6 Qe4+ 62. Kd2 Qb4+ 63. Kd1 Qb1+ 64. Kd2 Qb6
65. Qd3+ Ke5 66. Qe3+ Kd6 67. Qf4+ Kc6 68. Qa4+ Kb7 69. Qe4+ Qc6 70. Qe7+ Kb6
71. Qd8+ Kb5 72. Qd3+ c4 73. Qb1+ Ka5 74. Qa1+ Kb6 75. Qh8 c3+ 76. Kc2 Qa4+ 77.
Kd3 Qd1+ 78. Kc4 Qxe2+ 79. Kxc3 Qe3+ 80. Kb2 Qc5 81. Qd8+ Ka6 0-1

[Event "9MCR_4D_1L_1S"]
[Site "?"]
[Date "2010.??.??"]
[Round "?"]
[White "Kuta, Jiri"]
[Black "Binas, Jindrich"]
[Result "1/2-1/2"]
[WhiteElo "2375"]
[BlackElo "2237"]
[Annotator "052"]
[PlyCount "80"]
[EventDate "2010.??.??"]
[EventType "corr"]
[SourceDate "2002.06.29"]

1. d4 Nf6 2. c4 e6 3. Nf3 b6 4. g3 Ba6 5. b3 Bb4+ 6. Bd2 Be7 7. Bg2 d5 8. cxd5
Nxd5 9. Nc3 O-O 10. O-O Nd7 11. Nxd5 exd5 12. Rc1 c5 13. Be3 Re8 14. Re1 c4 15.
Nd2 Ba3 16. Bxd5 Bxc1 17. Qxc1 Rc8 18. bxc4 Nf6 19. Bg5 Bxc4 20. Bxc4 b5 21.
Bxf7+ Kxf7 22. Qb2 Qa5 23. Qb3+ Kf8 24. Qb1 Kg8 25. Nb3 Qd8 26. e4 Qd6 27. e5
Qd5 28. Nd2 Nd7 29. Be3 a6 30. Ne4 Rc6 31. Nd6 Rf8 32. f4 Nb6 33. Bf2 Nc4 34.
Qe4 Nb6 35. Re2 b4 36. Kg2 a5 37. Be1 Qxe4+ 38. Nxe4 Rd8 39. Nd6 Rc7 40. Kf2
Kf8 1/2-1/2

[Event "9MCR_4D_1L_1S"]
[Site "?"]
[Date "2010.??.??"]
[Round "?"]
[White "Kuta, Jiri"]
[Black "Lounek, Jan"]
[Result "1/2-1/2"]
[WhiteElo "2375"]
[BlackElo "2406"]
[Annotator "017"]
[PlyCount "63"]
[EventDate "2010.??.??"]
[EventType "corr"]
[SourceDate "2002.06.29"]

1. d4 Nf6 2. c4 g6 3. Nc3 Bg7 4. e4 d6 5. Be2 O-O 6. Bg5 Na6 7. f3 c6 8. Qd2 e5
9. d5 cxd5 10. cxd5 Bd7 11. g4 h6 12. Be3 h5 13. g5 Ne8 14. Bxa6 bxa6 15. Nge2
Nc7 16. Rc1 Nb5 17. O-O Bh3 18. Rf2 Rc8 19. Kh1 Qa5 20. Ng1 Bd7 21. Nge2 Qd8
22. b3 Rc7 23. Nd1 Rxc1 24. Qxc1 Qb8 25. Nb2 Rc8 26. Nc4 a5 27. Nc3 Nd4 28. Qa3
Rc5 29. Rb2 f5 30. gxf6 Qf8 31. f7+ Qxf7 32. Rf2 1/2-1/2